000 00368pab a2200145 454500
008 180718b1983 xxu||||| |||| 00| 0 eng d
100 _aBarnes, Christopher
245 _aLocal government and a national airports policy
260 _c1983
300 _a53-64
362 _aJan.-Feb.
650 _aAirports - U.K.
773 _aLocal Government Studies
909 _a3934
999 _c3934
_d3934